| 000 | 00881nam a2200205 i 4500 | ||
|---|---|---|---|
| 001 | 90455 | ||
| 003 | ES-MaACL | ||
| 005 | 20230906180439.0 | ||
| 007 | t| | ||
| 008 | 050120s1973 sp ||||1| fre d | ||
| 100 | 1 |
_aLegman, G. _971283 |
|
| 245 | 1 | 3 |
_aLa culpabilité des Templiers, suivie de l'innocence des Templiers / _cpar Henry Ch. Lea, de les Templiers et le culte des forces genesiques par Thomas Wright, George Witt et Sir James Tennent, et de le procés contre les chevaliers du Temple dans le royaume d'Angleterre par Sir William Dugdale ; traducción de Martine et Hervé Laroche. |
| 260 |
_a[Madrid] : _bVeyrier, _c[1973] |
||
| 300 |
_a312 p. ; _c21 cm. |
||
| 610 | 2 | 4 |
_aOrden del Temple- _vHistoria. _9157591 |
| 700 | 1 |
_aLea, Henry Charles. _970943 |
|
| 700 | 1 |
_aLaroche, Martine. _970278 |
|
| 700 | 1 |
_aLaroche, Herve. _970277 |
|
| 852 |
_aES-MaACL _jC-53951 _bR.86676 |
||
| 999 |
_c90455 _d90455 |
||